Warblers of North America - Statistics

General Stats
  • This quiz has been taken 38 times
  • The average score is 33 of 52
Answer Stats
Picture Answer % Correct
Magnolia Warbler
92%
Yellow Warbler
92%
Black-And-White Warbler
88%
Chestnut-Sided Warbler
88%
Northern Parula
88%
American Redstart
85%
Blackburnian Warbler
85%
Black-Throated Blue Warbler
85%
Ovenbird
81%
Wilson's Warbler
81%
Common Yellowthroat
77%
Northern Waterthrush
77%
Black-Throated Green Warbler
73%
Cape May Warbler
73%
Hooded Warbler
73%
Louisiana Waterthrush
73%
Nashville Warbler
73%
Yellow-Throated Warbler
73%
Blackpoll Warbler
69%
Blue-Winged Warbler
69%
Golden-Winged Warbler
69%
Mourning Warbler
69%
Palm Warbler
69%
Prothonotary Warbler
69%
Tennessee Warbler
69%
Cerulean Warbler
65%
Pine Warbler
65%
Tropical Parula
65%
Yellow-Rumped Warbler
65%
Bay-Breasted Warbler
62%
Canada Warbler
62%
Prairie Warbler
62%
Worm-Eating Warbler
62%
Yellow-Breasted Chat
62%
Black-Throated Gray Warbler
58%
Connecticut Warbler
58%
Kentucky Warbler
58%
Painted Redstart
58%
Kirtland's Warbler
54%
Lucy's Warbler
54%
Swainson's Warbler
50%
Townsend's Warbler
50%
Macgillivray's Warbler
46%
Orange-Crowned Warbler
46%
Bachman's Warbler
42%
Golden-Cheeked Warbler
42%
Hermit Warbler
38%
Colima Warbler
35%
Red-Faced Warbler
35%
Rufous-Capped Warbler
31%
Grace's Warbler
27%
Virginia's Warbler
27%
No matching quizzes found
Score Distribution
Percent of People with Each Score
Percentile by Number Answered
Your Score History
You have not taken this quiz